Algemene Kennisquiz #1 - Statistieken

Algemene statistieken
  • Deze quiz is 3.796 keer genomen
  • De gemiddelde score is 8 van 20
Antwoordstatistieken
Vraag Antwoord % Correct
Wat zoekt soort volgens het spreekwoord? Soort
81%
Wat is de best-verkopende Zweedse band aller tijden? ABBA
79%
In welke taal werden katholieke missen tot de jaren 1960 altijd gegeven? Latijn
75%
Welk woord klinkt als "Eet Haan Aas Zie"? Euthanasie
71%
Welk element heeft het symbool Pb? Lood
63%
Wat is de hoofdstad van de Filipijnen? Manilla
56%
De Westelijke Jordaanoever is een van de Palestijnse gebieden. Hoe heet de andere? De Gazastrook
54%
Wat is het Spaanse woord voor stier? Toro
50%
Twee elementen in het periodiek systeem beginnen met een W. Noem een van beiden. Waterstof | Wolfraam
39%
Wie was de tweede vrouw van John Lennon? Yoko Ono
37%
Welk land bouwde (zonder succes) de Maginotlinie om een invasie van zijn oostbuur te weerstaan? Frankrijk
36%
Wie zei over zijn zoon: "Ik wil dat Brooklyn gedoopt wordt, maar ik weet nog niet in welke religie? David Beckham
23%
Welke stad grenst aan de Gouden Hoorn, de Bosporus, en de Zee van Marmara? Istanboel
23%
Welke voormalige patentklerk werd Time Magazine's "Persoon van de Eeuw" in 1999? Albert Einstein
22%
Wat zouden Cassandra, Jeremia, en Paul de Octopus kunnen zien wat de meeste mensen niet kunnen zien? De Toekomst
17%
Wie stierf in 1948 zonder ooit de Nobelprijs voor de Vrede gewonnen te hebben? (Dit wordt soms de grootste gemiste naam in de geschiedenis van de prijs genoemd) Mohandas Gandhi
17%
Wat is de dichtstbijzijnde stad bij New York met een bevolking van meer dan 10 miljoen? Mexico-Stad
14%
Wie speelde James Bond direct voor Daniel Craig? Pierce Brosnan
14%
Op welk eiland ligt de stad Honolulu? Oahu
9%
Hoe heet een groep panda's? Een schande
2%
Geen overeenkomende quizzen gevonden
Scoreverdeling
Procent van Mensen met Elke Score
Percentiel versus Aantal Correcte Antwoorden
Uw Scoregeschiedenis
U heeft deze quiz nog niet genomen